00261 a2200109 4500001000700000020000600007040001100013100002700024240004800051245004300099362000900142165194 a  cMagnum aRabelo, Edmar Henrique10aAvaliacao: novos tempos novas praticaslpor10aAvaliacao: novos tempos novas praticas0 a1899